书目信息 |
| 题名: |
投资心理分析
|
|
| 作者: | 普林格 著 ;陈丽霞 , 刘寅龙 译 | |
| 分册: | ||
| 出版信息: | 北京 机械工业出版社 2021.01 |
|
| 页数: | XVIII, 306页 | |
| 开本: | 21cm | |
| 丛书名: | ||
| 单 册: | ||
| 中图分类: | F830.59 | |
| 科图分类: | ||
| 主题词: | 投资--tou zi--经济心理学--心理学分析 | |
| 电子资源: | ||
| ISBN: | 978-7-111-63284-9 | |
| 000 | 01409nam0 2200337 450 | |
| 001 | 202021194697 | |
| 005 | 20211025120147.0 | |
| 010 | @a978-7-111-63284-9@b精装@dCNY68.00 | |
| 100 | @a20211005d2021 em y0chiy50 ea | |
| 101 | 1 | @achi@ceng |
| 102 | @aCN@b110000 | |
| 105 | @aa a 000yy | |
| 106 | @ar | |
| 200 | 1 | @a投资心理分析@Atou zi xin li fen xi@e战胜市场的交易策略@f(美) 马丁·J.普林格著@g陈丽霞, 刘寅龙译 |
| 210 | @a北京@c机械工业出版社@d2021.01 | |
| 215 | @aXVIII, 306页@c图@d21cm | |
| 300 | @a25周年经典版 | |
| 306 | @a由Wiley授权出版 | |
| 312 | @a原文题名取自封面 | |
| 314 | @a马丁·J.普林格, 技术分析大师。 | |
| 320 | @a有书目 (第303-306页) | |
| 330 | @a本书基于作者丰富的技术分析和基本面分析实践, 首先从对市场心理的自我分析出发, 帮读者建立客观、谦虚、耐心、冷静和独立思考的习惯。其次, 又对金融市场中的趋势、新闻消息和相关从业者进行了深刻的分析, 帮读者在决策时能够应对自如、避免陷阱。最后, 还提供了百年以来的投资大师们用毕生经验总结的交易规则, 以供借鉴体悟。 | |
| 500 | 10 | @aInvestment psychology explained@mChinese |
| 517 | 1 | @a战胜市场的交易策略@Azhan sheng shi chang de jiao yi ce lue |
| 606 | 0 | @a投资@Atou zi@x经济心理学@x心理学分析 |
| 690 | @aF830.59@v5 | |
| 701 | 1 | @a普林格@Apu lin ge@g(Pring, Martin J.)@4著 |
| 702 | 0 | @a陈丽霞@Achen li xia@4译 |
| 702 | 0 | @a刘寅龙@Aliu yin long@4译 |
| 801 | 0 | @aCN@c20210909 |
| 905 | @a河南城建学院图书馆@dF830.59@eP901 | |
| 投资心理分析:战胜市场的交易策略/(美) 马丁·J.普林格著/陈丽霞, 刘寅龙译.-北京:机械工业出版社,2021.01 |
| XVIII, 306页:图;21cm |
| 25周年经典版 |
| ISBN 978-7-111-63284-9(精装):CNY68.00 |
| 本书基于作者丰富的技术分析和基本面分析实践, 首先从对市场心理的自我分析出发, 帮读者建立客观、谦虚、耐心、冷静和独立思考的习惯。其次, 又对金融市场中的趋势、新闻消息和相关从业者进行了深刻的分析, 帮读者在决策时能够应对自如、避免陷阱。最后, 还提供了百年以来的投资大师们用毕生经验总结的交易规则, 以供借鉴体悟。 |
| ● |
| 相关链接 |
|
|
|
正题名:投资心理分析
索取号:F830.59/P901
 
预约/预借
| 序号 | 登录号 | 条形码 | 馆藏地/架位号 | 状态 | 备注 |
| 1 | 1543928 | 215439283 | 社科库409/409社科库 51排6列5层/ [索取号:F830.59/P901] | 在馆 | |
| 2 | 1543929 | 215439292 | 社科库409/409社科库 52排1列1层/ [索取号:F830.59/P901] | 在馆 |